Riadenie zisku prostredníctvom riadenia objemu produkcie podniku
Sledovanie vzťahov medzi ekonomickými veličinami, ako sú náklady, objem produkcie a cena výrobku. Využívanie necenovej konkurencie, ktorá je zameraná na reklamu, propagáciu, zákazníka, zvyšovanie kvality výrobkov, výroby a rozširovaniu sortimentu výroby.
Na minha lista:
| Autor principal: | |
|---|---|
| Formato: | Capítulo de Livro |
| Idioma: | eslovaco |
| Assuntos: | |
| Tags: |
Sem tags, seja o primeiro a adicionar uma tag!
|
MARC
| LEADER | 00000naa a2200000 4500 | ||
|---|---|---|---|
| 001 | 0165797 | ||
| 005 | 20230912102422.6 | ||
| 041 | 0 | |a slo | |
| 044 | |a SK | ||
| 245 | 1 | 0 | |a Riadenie zisku |b prostredníctvom riadenia objemu produkcie podniku |c Katarína Teplická |
| 520 | |a Sledovanie vzťahov medzi ekonomickými veličinami, ako sú náklady, objem produkcie a cena výrobku. Využívanie necenovej konkurencie, ktorá je zameraná na reklamu, propagáciu, zákazníka, zvyšovanie kvality výrobkov, výroby a rozširovaniu sortimentu výroby. | ||
| 610 | 2 | 0 | |a podnik |
| 610 | 2 | 0 | |a riadenie finančné |
| 610 | 2 | 0 | |a riadenie výroby |
| 610 | 2 | 0 | |a náklady |
| 610 | 2 | 0 | |a produkcia |
| 610 | 2 | 0 | |a tržby |
| 610 | 2 | 0 | |a ceny |
| 610 | 2 | 0 | |a zisk podnikový |
| 610 | 2 | 0 | |a prerozdeľovanie zisku |
| 100 | 1 | |a Teplická, Katarína | |